De castas y esclavos a ciudadanos (Record no. 4305)

MARC details
000 -CABECERA
campo de control de longitud fija 00968nam a2200229 a 4500
001 - NÚMERO DE CONTROL
campo de control BRCA_4600
005 - FECHA Y HORA DE LA ÚLTIMA TRANSACCIÓN
campo de control 20190320204730.0
008 - DATOS DE LONGITUD FIJA--INFORMACIÓN GENERAL
campo de control de longitud fija 240910s2010----mx-ade####---#000-0#spa-#
041 ## - CÓDIGO DE LENGUA
Código de lengua del texto/banda sonora o título independiente spa
044 ## - CÓDIGO DEL PAÍS DE LA ENTIDAD EDITORA/PRODUCTORA
Código MARC del país mx
050 #4 - SIGNATURA TOPOGRÁFICA DE LA BIBLIOTECA DEL CONGRESO
Número de clasificación ND1312
Número de documento/Ítem .B35 2010
100 1# - ENTRADA PRINCIPAL--NOMBRE DE PERSONA
Nombre de persona Ballesteros Páez, María Dolores
9 (RLIN) 11646
245 10 - MENCIÓN DE TÍTULO
Título De castas y esclavos a ciudadanos
Resto del título las representaciones visuales de la población capitalina de origen africano. Del periodo virreinal a las primeras décadas del México independiente.
260 ## - PUBLICACIÓN, DISTRIBUCIÓN, ETC.
Lugar de publicación, distribución, etc. Ciudad de México
Fecha de publicación, distribución, etc. 2010
300 ## - DESCRIPCIÓN FÍSICA
Extensión xxv, 535 p.
Otras características físicas il. (algunas a color)
Dimensiones 26 cm.
502 ## - NOTA DE TESIS
Nota de tesis Tesis Maestría (Maestra en Historia Moderna y Contemporánea) Instituto de Investigaciones Dr. José María Luis Mora
650 14 - PUNTO DE ACCESO ADICIONAL DE MATERIA--TÉRMINO DE MATERIA
Término de materia o nombre geográfico como elemento de entrada Meztizaje en arte
Subdivisión general Historia
Subdivisión cronológica Siglo XVII-XIX
Subdivisión geográfica México
9 (RLIN) 11647
650 14 - PUNTO DE ACCESO ADICIONAL DE MATERIA--TÉRMINO DE MATERIA
Término de materia o nombre geográfico como elemento de entrada Pintura de castas
Subdivisión cronológica Siglo XVII-XIX
Subdivisión geográfica México
9 (RLIN) 11648
700 1# - PUNTO DE ACCESO ADICIONAL--NOMBRE DE PERSONA
Nombre de persona Grafenstein, Johanna von
Término indicativo de función/relación Director
9 (RLIN) 11649
902 ## - CATALOGADOR
Iniciales TES
942 ## - ELEMENTOS DE PUNTO DE ACCESO ADICIONAL (KOHA)
Fuente del sistema de clasificación o colocación Library of Congress Classification
Tipo de ítem Koha Tesis
Holdings
Estado de retiro Estado de pérdida Estado dañado No para préstamo Localización permanente Ubicación/localización actual Fecha de adquisición Total de préstamos Signatura topográfica completa Código de barras Fecha visto por última vez Precio válido a partir de Tipo de ítem Koha
El ejemplar forma parte de la colección y puede ser consultado según las políticas vigentes.       Biblioteca del Museo Franz Mayer (Rogerio Casas-Alatriste) Biblioteca del Museo Franz Mayer (Rogerio Casas-Alatriste) 24/09/2010   ND1312 .B35 2010 TES00015 22/03/2019 22/03/2019 Tesis